Losowe stolice na mapie Azji - Statystyki

Ogólne statystyki
  • Ten quiz został rozwiązany 564 razy
    364 od ostatniego zresetowania
  • Średni wynik to 9 z 12
Odpowiedzi na mapie
Odpowiedzi zakodowano w zielono-czerwonej skali na mapie do tego quizu, zgodnie z poniższymi procentami.
 
Statystyki odpowiedzi
Stolica % Poprawnych
Pekin
100%
Seul
100%
Ankara
98%
Nowe Delhi
97%
Pjongjang
97%
Tokio
96%
Baku
93%
Dżakarta
93%
Nikozja
93%
Ułan Bator
93%
Rijad
92%
Astana
91%
Jerozolima
91%
Damaszek
89%
Erywań
89%
Bejrut
87%
Abu Zabi
85%
Hanoi
85%
Tbilisi
85%
Bangkok
83%
Tajpej
83%
Kuwejt
80%
Teheran
80%
Manila
79%
Dhaka
77%
Kabul
77%
Male
75%
Amman
74%
Katmandu
74%
Kuala Lumpur
74%
Singapur
74%
Islamabad
72%
Doha
71%
Sana
70%
Biszkek
69%
Bagdad
68%
Manama
68%
Maskat
65%
Sri Dźajawardanapura Kotte
65%
Wientian
63%
Taszkent
60%
Dili
50%
Phnom Penh
50%
Naypyidaw
48%
Duszanbe
45%
Bandar Seri Begawan
44%
Thimphu
40%
Aszchabad
39%
Nie znaleziono quizów pasujących do podanych kryteriów
Rozkład punktacji
Procent ludzi z każdym wynikiem
Percentyl według liczby udzielonych odpowiedzi
Twoja historia wyników
Nie rozwiązałeś tego quizu od ostatniego zresetowania